| 000 | 00404nam a22001697a 4500 | ||
|---|---|---|---|
| 005 | 20180718113524.0 | ||
| 008 | 160527b xxu||||| |||| 00| 0 eng d | ||
| 020 | _a81-7446-179-5 | ||
| 041 | _aeng | ||
| 082 |
_b5571 _a658.1511 |
||
| 100 |
_aGhosh, T.P. _9521 |
||
| 245 | _aFundamentals of Mgt. Accounting | ||
| 260 |
_bExcel Books _c2002 |
||
| 300 | _a252p, | ||
| 650 |
_aManagement _9241 |
||
| 942 | _cBK | ||
| 999 |
_c1987 _d1986 |
||